Physical metallurgy principles/ (Record no. 11985)
[ view plain ]
| 000 -LEADER | |
|---|---|
| fixed length control field | 00853nam a2200241 4500 |
| 001 - CONTROL NUMBER | |
| control field | 751332 |
| 005 - DATE AND TIME OF LATEST TRANSACTION | |
| control field | 19731003000000.0 |
| 008 - FIXED-LENGTH DATA ELEMENTS--GENERAL INFORMATION | |
| fixed length control field | 700911s1964 njua b 001 0 eng |
| 010 ## - LIBRARY OF CONGRESS CONTROL NUMBER | |
| LC control number | 64000915 |
| 040 ## - CATALOGING SOURCE | |
| Original cataloging agency | DLC |
| Transcribing agency | DLC |
| Modifying agency | DLC |
| 050 00 - LIBRARY OF CONGRESS CALL NUMBER | |
| Classification number | TN690 |
| Item number | .R43 |
| 082 00 - DEWEY DECIMAL CLASSIFICATION NUMBER | |
| Classification number | 669.94 |
| Edition number | 22 |
| Item number | REE |
| 100 2# - MAIN ENTRY--PERSONAL NAME | |
| Personal name | Reed-Hill, Robert E. |
| 9 (RLIN) | 6763 |
| 245 10 - TITLE STATEMENT | |
| Title | Physical metallurgy principles/ |
| Statement of responsibility, etc | Robert E. Reed-Hill |
| 250 ## - EDITION STATEMENT | |
| Edition statement | An east-West edition |
| 260 ## - PUBLICATION, DISTRIBUTION, ETC. (IMPRINT) | |
| Place of publication, distribution, etc | Princeton, N.J.: |
| Name of publisher, distributor, etc | Van Nostrand, |
| Date of publication, distribution, etc | 1954 |
| 300 ## - PHYSICAL DESCRIPTION | |
| Extent | x, 630 p. |
| Other physical details | ill., diagrs. ; |
| Dimensions | 24 cm. |
| 490 0# - Series Statement | |
| Series statement | University series in basic engineering |
| 504 ## - BIBLIOGRAPHY, ETC. NOTE | |
| Bibliography, etc | Includes bibliographical references. |
| 650 #0 - SUBJECT ADDED ENTRY--TOPICAL TERM | |
| Topical term or geographic name as entry element | Physical metallurgy. |
| 9 (RLIN) | 6764 |
| 942 ## - ADDED ENTRY ELEMENTS (KOHA) | |
| Source of classification or shelving scheme | Dewey Decimal Classification |
| Item type | Book - Borrowing |
| Withdrawn status | Item status | Source of classification or shelving scheme | Damaged status | Not for loan | Vendor | Home library | Current library | Shelving location | Date acquired | Source of acquisition | Cost, normal purchase price | Total Checkouts | Full call number | Barcode | Date last seen | Koha item type |
|---|---|---|---|---|---|---|---|---|---|---|---|---|---|---|---|---|
| Dewey Decimal Classification | Alef-Baa | Central Library | Central Library | First floor | 23/06/2009 | 150.00 | 669.94 REE | 000017038 | 15/07/2025 | Book - Borrowing |